000 00425nam a2200157Ia 4500
008 210716s2008 xx 000 0 und d
020 _a9780070593749
041 _aeng
082 _a004 NORP
100 _aNorton,Peter.
245 _aPeter Nortons introduction to computers.
250 _a6
260 _aNew Delhi
_bTata McGraw Hill Publishing Company Ltd
_c2008
300 _axxv,609
650 _aComputer Fundamentals
999 _c187319
_d187319